01324nam a2200277 a 450000100100000000500170001000800410002702000180006804000250008608200270011110000270013824501480016526000400031330000240035349000110037750500810038859000270046970000340049670000430053083000180057395201070059195201120069895201070081095201120091799900170102900004816220201002060948.0181204s2012 dr a 000 0 spa d a9789945116601 aDO-SdBNPbspacBNPHU axxxbC352c, 7mo., 20121 aCastillo, Abel,97562210aCívica 7 :beducación básica /cAbel Castillo, Fanny Capellán Almonte, editora Fanny Capellán Almonte, ilustración Ruddy Núñez. aSanto Domingo :bSantillana,c2012. a2v. :bil. ;c28cm.1 aInnova0 gv.1.tLibro texto --gv.2tEdición anotada para el profesor y la profesora aInventariado, 2018/MFF1 aNúñez, Ruddy,eil.9231711 aCapellán Almonte, Fanny,eed.929766 0aInnova929570 0010718PDaPDbPDcHDd2018-12-04iLF1l0ov.1p48162-10r2020-06-25w2020-06-25yLFPDZNo se presta 0010718PDaPDbPDcHDd2018-12-04iLF1l0ov.1, e.2p48162-20r2020-06-25w2020-06-25yLFPDZNo se presta 0010718PDaPDbPDcHDd2018-12-04iLF1l0ov.2p48162-30r2020-06-25w2020-06-25yLFPDZNo se presta 0010718PDaPDbPDcHDd2018-12-04iLF1l0ov.2, e.2p48162-40r2020-06-25w2020-06-25yLFPDZNo se presta c47650d47650